[Event "Madrid-chT Honor 2223"]
[Site "Madrid"]
[Date "2023.02.25"]
[Round "11.4"]
[White "Recuenco Andres, Javier"]
[Black "Sanchez Alvares, Kelvin Antonio"]
[Result "0-1"]
[WhiteElo "1927"]
[BlackElo "2250"]
[PlyCount "82"]
[EventDate "2022.11.20"]
[EventType "team-tourn"]
[EventRounds "14"]
[EventCountry "ESP"]
[SourceTitle "EXT 2024"]
[Source "ChessBase"]
[SourceDate "2023.10.10"]
[SourceVersion "1"]
[SourceVersionDate "2023.10.10"]
[SourceQuality "1"]
[WhiteTeam "Virgen de Atocha"]
[BlackTeam "Villalba 64"]
[WhiteTeamCountry "ESP"]
[BlackTeamCountry "ESP"]

1. Nf3 c5 2. e4 d6 3. Nc3 Nf6 4. h3 g6 5. Bb5+ Nbd7 6. a4 Bg7 7. 0-0 0-0 8. d4 cxd4 9. Nxd4 Nc5 10. Re1 a6 11. Bf1 Bd7 12. e5 dxe5 13. Rxe5 Ne6 14. Nxe6 Bxe6 15. Qxd8 Rfxd8 16. Re1 Rac8 17. Be3 Bf5 18. Rac1 h5 19. Bg5 Rd7 20. f3 Nh7 21. Bxe7 Rd2 22. Re2 Bxc3 23. bxc3 Rxe2 24. Bxe2 Re8 25. Bxa6 Rxe7 26. Bd3 Be6 27. c4 Rc7 28. Rb1 Nf6 29. g4 hxg4 30. hxg4 Bxc4 31. Kf2 Nd5 32. Be4 Nc3 33. Rb4 Nxe4+ 34. fxe4 Be6 35. Kg3 Rxc2 36. Rxb7 Rc4 37. a5 Rxe4 38. a6 Rxg4+ 39. Kf2 Ra4 40. a7 Kg7 41. Ke3 g5 0-1

[Event "Madrid-chT Honor 2223"]
[Site "Madrid"]
[Date "2023.02.12"]
[Round "9.6"]
[White "Recuenco Andres, Javier"]
[Black "Candela Martin, Alvaro"]
[Result "1/2-1/2"]
[WhiteElo "1927"]
[BlackElo "1848"]
[PlyCount "105"]
[EventDate "2022.11.20"]
[EventType "team-tourn"]
[EventRounds "14"]
[EventCountry "ESP"]
[SourceTitle "EXT 2024"]
[Source "ChessBase"]
[SourceDate "2023.10.10"]
[SourceVersion "1"]
[SourceVersionDate "2023.10.10"]
[SourceQuality "1"]
[WhiteTeam "Virgen de Atocha"]
[BlackTeam "Alcala de Henares"]
[WhiteTeamCountry "ESP"]
[BlackTeamCountry "ESP"]

1. e4 e5 2. Nf3 Nc6 3. Bc4 Bc5 4. c3 Nf6 5. d4 exd4 6. cxd4 Bb4+ 7. Bd2 Bxd2+ 8. Nbxd2 d5 9. exd5 Nxd5 10. Qe2+ Be6 11. 0-0 0-0 12. Nb3 Nf4 13. Qc2 Nb4 14. Qc3 Nbd5 15. Qd2 Qf6 16. Ne1 Qg5 17. g3 Nh3+ 18. Kh1 Ne3 19. Bxe6 fxe6 20. Qxe3 Nxf2+ 21. Qxf2 Rxf2 22. Rxf2 Qe3 23. Kg2 a5 24. Nf3 Qe4 25. Re1 Qc6 26. Kg1 Rf8 27. Ne5 Qd5 28. Rxf8+ Kxf8 29. Rd1 b6 30. Kf2 a4 31. Nc1 Qe4 32. Ne2 Qc2 33. Rc1 Qxb2 34. Rxc7 Qxa2 35. Nd7+ Ke8 36. Nxb6 Qb3 37. Rc6 a3 38. Nc1 Qb2+ 39. Ke3 a2 40. Nd3 Qa3 41. Rc8+ Kf7 42. Rc7+ Kg6 43. Nc4 Qa6 44. Nce5+ Kh6 45. Ng4+ Kh5 46. Rxg7 Qxd3+ 47. Kxd3 a1Q 48. h4 Qd1+ 49. Ke4 Qc2+ 50. Ke3 Qb3+ 51. Kf4 Qb8+ 52. Ne5 Qf8+ 53. Rf7 1/2-1/2

[Event "Madrid-chT Honor 2223"]
[Site "Madrid"]
[Date "2023.01.29"]
[Round "7.6"]
[White "Rey Martinez, Jaime"]
[Black "Recuenco Andres, Javier"]
[Result "1-0"]
[WhiteElo "2251"]
[BlackElo "1927"]
[PlyCount "80"]
[EventDate "2022.11.20"]
[EventType "team-tourn"]
[EventRounds "14"]
[EventCountry "ESP"]
[SourceTitle "EXT 2024"]
[Source "ChessBase"]
[SourceDate "2023.10.10"]
[SourceVersion "1"]
[SourceVersionDate "2023.10.10"]
[SourceQuality "1"]
[WhiteTeam "Alcorcon Diagonal"]
[BlackTeam "Virgen de Atocha"]
[WhiteTeamCountry "ESP"]
[BlackTeamCountry "ESP"]

1. e4 d5 2. exd5 Nf6 3. d4 Qxd5 4. c4 Qe4+ 5. Be2 Bf5 6. Qa4+ Nbd7 7. Nc3 Qc2 8. Qa5 b6 9. Qb5 e6 10. Nf3 Bd6 11. 0-0 0-0 12. Ne1 a6 13. Qc6 Be4 14. Qxa8 Rxa8 15. Nxc2 Bxc2 16. Be3 c5 17. Rac1 Bg6 18. Rfd1 cxd4 19. Bxd4 Bf4 20. Be3 Bxe3 21. fxe3 Rc8 22. Rd6 Rc7 23. Rcd1 h5 24. a4 Kf8 25. a5 bxa5 26. Rxa6 Rc5 27. Ra1 Re5 28. R1xa5 Rxe3 29. Kf2 Re5 30. b4 Ne4+ 31. Nxe4 Rxe4 32. Bd3 Rf4+ 33. Ke3 e5 34. Bxg6 fxg6 35. c5 Rxb4 36. c6 Nb6 37. c7 Nc4+ 38. Kd3 Nb2+ 39. Kc3 Rc4+ 40. Kxb2 Rxc7 1-0

[Event "Madrid-chT Honor 2223"]
[Site "Madrid"]
[Date "2022.12.11"]
[Round "3.4"]
[White "Recuenco Andres, Javier"]
[Black "Martinez Fernandez, Raul"]
[Result "0-1"]
[WhiteElo "1949"]
[BlackElo "2245"]
[PlyCount "40"]
[EventDate "2022.11.20"]
[EventType "team-tourn"]
[EventRounds "14"]
[EventCountry "ESP"]
[SourceTitle "EXT 2024"]
[Source "ChessBase"]
[SourceDate "2023.10.10"]
[SourceVersion "1"]
[SourceVersionDate "2023.10.10"]
[SourceQuality "1"]
[WhiteTeam "Virgen de Atocha"]
[BlackTeam "San Sebastian de los Reyes"]
[WhiteTeamCountry "ESP"]
[BlackTeamCountry "ESP"]

1. e4 e5 2. Nf3 Nc6 3. Bc4 Nf6 4. Ng5 d5 5. exd5 Na5 6. Bb5+ c6 7. dxc6 bxc6 8. Qf3 cxb5 9. Qxa8 Qc7 10. Nc3 Nc6 11. Nxb5 Qd7 12. d4 Nd5 13. Nxa7 Nxa7 14. dxe5 Bb4+ 15. c3 0-0 16. Be3 Nxe3 17. fxe3 Qg4 18. h4 Qg3+ 19. Kd2 Qf2+ 20. Kc1 Qxe3+ 0-1

[Event "ESP-chT CECLUB Div1"]
[Site "Sanxenxo"]
[Date "2022.09.17"]
[Round "1.3"]
[White "Recuenco Andres, Javier"]
[Black "Calzetta Ruiz, Monica"]
[Result "1/2-1/2"]
[WhiteElo "1925"]
[BlackElo "2227"]
[PlyCount "149"]
[EventDate "2022.09.17"]
[EventType "team-tourn"]
[EventRounds "7"]
[EventCountry "ESP"]
[SourceTitle "CBM 210 Extra"]
[Source "ChessBase"]
[SourceDate "2022.11.30"]
[SourceVersion "1"]
[SourceVersionDate "2022.11.30"]
[SourceQuality "1"]
[WhiteTeam "Virgen de Atocha"]
[BlackTeam "Oromana CEN Solutions"]
[WhiteTeamCountry "ESP"]
[BlackTeamCountry "ESP"]

1. e4 c5 2. Nc3 Nc6 3. Bc4 e6 4. a3 Nf6 5. Ba2 d5 6. exd5 exd5 7. d3 Be7 8. h3 0-0 9. Nf3 Be6 10. Bf4 Re8 11. Ne2 b5 12. 0-0 a5 13. Ng5 Bd7 14. Bh2 Ra6 15. Nf4 Nd4 16. c3 Ne6 17. Ngxe6 fxe6 18. Re1 b4 19. Qf3 Rf8 20. Qe2 Bd6 21. Kh1 Qb8 22. g3 b3 23. Bb1 e5 24. Nh5 Nxh5 25. d4 Nf6 26. dxe5 Re8 27. Qxa6 Bb5 28. Bxh7+ Kxh7 29. Qxd6 Qxd6 30. exd6 Be2 31. Kg1 d4 32. cxd4 cxd4 33. f3 d3 34. Kf2 Rc8 35. g4 Rc2 36. g5 Nd7 37. Bf4 Rxb2 38. Rac1 Rc2 39. Rxc2 dxc2 40. Bc1 Bb5 41. Re7 Nc5 42. Ke3 Nd3 43. d7 Nxc1 44. d8Q Nd3 45. Rc7 b2 46. g6+ Kxg6 47. Qd6+ Kh7 48. Rxc2 b1Q 49. Rg2 Qc1+ 50. Kd4 Qc4+ 51. Ke3 Nf4 52. Qxf4 Qc1+ 53. Rd2 Qxa3+ 54. Kf2 Qc5+ 55. Qd4 Qxd4+ 56. Rxd4 a4 57. Rd5 Bc4 58. Ra5 Bb3 59. Kg3 Kg6 60. Kf4 Kh6 61. h4 g6 62. Ke3 Bc2 63. Kd4 Bb3 64. Kc3 Bd1 65. f4 Kg7 66. Rg5 Kh6 67. f5 gxf5 68. Rxf5 Bb3 69. Ra5 Kg6 70. Kd4 Bc2 71. Ke3 Kh6 72. Kf4 Bb3 73. Kg3 Bd1 74. Rd5 Bb3 75. Ra5 1/2-1/2

[Event "Madrid San Viator op-A 31st"]
[Site "Madrid"]
[Date "2019.10.20"]
[Round "6"]
[White "Munoz Cebey, Ricardo"]
[Black "Recuenco Andres, Javier"]
[Result "0-1"]
[WhiteElo "1845"]
[BlackElo "1833"]
[PlyCount "110"]
[EventDate "2019.09.08"]
[EventType "swiss"]
[EventRounds "9"]
[EventCountry "ESP"]
[SourceTitle "EXT 2022"]
[Source "ChessBase"]
[SourceDate "2021.10.06"]
[SourceVersion "1"]
[SourceVersionDate "2021.10.06"]
[SourceQuality "1"]

1. c4 d6 2. g3 e5 3. Bg2 g6 4. Nc3 Bg7 5. d3 Ne7 6. Nf3 0-0 7. 0-0 c6 8. e4 Bg4 9. h3 Bd7 10. d4 Qc8 11. Kh2 Qc7 12. dxe5 dxe5 13. Be3 Na6 14. Qe2 f5 15. Rad1 Rad8 16. Bg5 Be6 17. b3 Rxd1 18. Rxd1 h6 19. Bxe7 Qxe7 20. exf5 Bxf5 21. Ne4 g5 22. Nfd2 Rd8 23. g4 Bg6 24. Bf3 Nb4 25. a3 Nc2 26. a4 Nd4 27. Qe3 Qf8 28. Bg2 Qf4+ 29. Qxf4 exf4 30. Re1 Re8 31. f3 Nc2 32. Re2 Ne3 33. Nf1 Bxe4 34. fxe4 Nxf1+ 35. Bxf1 Rd8 36. Ra2 Kf7 37. Kg2 Ke6 38. Kf3 Bd4 39. Rd2 c5 40. Ke2 Ke5 41. Bg2 Rd6 42. Bf3 Rb6 43. Rd3 Rd6 44. Rd1 b6 45. Rd2 a6 46. Rd3 b5 47. axb5 axb5 48. Rd2 bxc4 49. bxc4 Ra6 50. Rc2 Ra3 51. Bg2 Re3+ 52. Kf1 f3 53. Bh1 Kxe4 54. Ra2 Kf4 55. Rf2 Kg3 0-1

[Event "Madrid San Viator op-A 31st"]
[Site "Madrid"]
[Date "2019.10.06"]
[Round "4"]
[White "Garcia Galeote, Lorenzo"]
[Black "Recuenco Andres, Javier"]
[Result "1/2-1/2"]
[WhiteElo "1873"]
[BlackElo "1833"]
[PlyCount "78"]
[EventDate "2019.09.08"]
[EventType "swiss"]
[EventRounds "9"]
[EventCountry "ESP"]
[SourceTitle "EXT 2022"]
[Source "ChessBase"]
[SourceDate "2021.10.06"]
[SourceVersion "1"]
[SourceVersionDate "2021.10.06"]
[SourceQuality "1"]

1. d4 d6 2. c4 e5 3. Nf3 e4 4. Ng5 Nf6 5. Nc3 Bf5 6. g3 h6 7. Nh3 Qd7 8. Nf4 c6 9. h4 Na6 10. d5 g6 11. Bg2 Bg7 12. Qa4 Nc5 13. Qa3 0-0 14. Be3 b6 15. Rd1 Rfe8 16. Bxc5 bxc5 17. dxc6 Qxc6 18. Qa4 Qb6 19. Qb5 Qd8 20. Qa6 Bf8 21. Nb5 Bc8 22. Qa3 a6 23. 0-0 Bb7 24. Nc3 Ng4 25. Nfd5 Nf6 26. Nxf6+ Qxf6 27. Nd5 Bxd5 28. Rxd5 Rab8 29. b3 Qc3 30. e3 a5 31. Qa4 Re6 32. Rfd1 Qb4 33. Qc6 Rb6 34. Qa8 Rb8 35. Qc6 Rb6 36. Qa8 Kg7 37. Bh3 Rb8 38. Qc6 Rb6 39. Qa8 Rb8 1/2-1/2

[Event "Madrid San Viator op-A 31st"]
[Site "Madrid"]
[Date "2019.09.08"]
[Round "1"]
[White "Medina Riesgo, Pedro"]
[Black "Recuenco Andres, Javier"]
[Result "1-0"]
[WhiteElo "2123"]
[BlackElo "1833"]
[PlyCount "87"]
[EventDate "2019.09.08"]
[EventType "swiss"]
[EventRounds "9"]
[EventCountry "ESP"]
[SourceTitle "EXT 2022"]
[Source "ChessBase"]
[SourceDate "2021.10.06"]
[SourceVersion "1"]
[SourceVersionDate "2021.10.06"]
[SourceQuality "1"]

1. e4 c6 2. d3 e5 3. Nf3 d6 4. g3 Be7 5. Bg2 Nd7 6. 0-0 Ngf6 7. Re1 0-0 8. c3 Re8 9. d4 Qc7 10. c4 Nb6 11. b3 a5 12. a4 Bg4 13. h3 Bd7 14. c5 Nc8 15. dxe5 dxe5 16. Qc2 b6 17. cxb6 Nxb6 18. Bb2 Bb4 19. Nbd2 c5 20. Bc3 Rac8 21. Rac1 Qb8 22. Bf1 Re7 23. g4 Ne8 24. Nc4 Nxc4 25. Bxc4 h6 26. Rcd1 Bc6 27. Qb2 Qb7 28. Bxb4 cxb4 29. Qe2 Qa8 30. g5 Kh7 31. Bxf7 g6 32. Bd5 Ng7 33. Bxc6 Rxc6 34. Rd5 Qc8 35. Rxe5 Rc2 36. Qd3 Rxe5 37. Nxe5 Rc3 38. Qd6 Qxh3 39. Qxg6+ Kh8 40. gxh6 Rc7 41. Rd1 Ne6 42. Ng4 Qf3 43. Qf6+ Qxf6 44. Nxf6 1-0

[Event "Alcorcon Spring op-A 1st"]
[Site "Alcorcon"]
[Date "2019.05.05"]
[Round "6"]
[White "Gonzalez Lopez, Sergio"]
[Black "Recuenco Andres, Javier"]
[Result "0-1"]
[WhiteElo "1762"]
[BlackElo "1865"]
[PlyCount "106"]
[EventDate "2019.03.24"]
[EventType "swiss"]
[EventRounds "9"]
[EventCountry "ESP"]
[SourceTitle "EXT 2020"]
[Source "ChessBase"]
[SourceDate "2019.10.17"]
[SourceVersion "1"]
[SourceVersionDate "2019.10.17"]
[SourceQuality "1"]

1. c4 e5 2. Nc3 Nc6 3. d3 Nf6 4. g3 d5 5. cxd5 Nxd5 6. Bg2 Be6 7. Nf3 Be7 8. 0-0 0-0 9. e4 Ndb4 10. Ne1 Nd4 11. f4 f6 12. f5 Bf7 13. Be3 c6 14. a3 Na6 15. Qg4 Kh8 16. h4 Nb3 17. Rd1 Bc5 18. Bxc5 Naxc5 19. h5 h6 20. Rf2 Qe8 21. Bf3 Nd4 22. Rh2 Ncb3 23. Ng2 Nxf3+ 24. Qxf3 Nd4 25. Qg4 Rd8 26. Ne2 Qd7 27. Nh4 Kh7 28. Ng6 Rfe8 29. Nc1 Qc7 30. Kh1 Qb6 31. Rhd2 Rd6 32. Ne2 Nb3 33. Rc2 Qe3 34. Rc3 Nd4 35. Nxd4 Rxd4 36. Nh4 Red8 37. Qf3 Qxf3+ 38. Nxf3 Rxe4 39. dxe4 Rxd1+ 40. Kg2 Bxh5 41. Rb3 b6 42. Rc3 Bxf3+ 43. Kxf3 Rd6 44. b4 Kg8 45. Kg4 Kf7 46. Kh5 c5 47. bxc5 Rc6 48. Rd3 bxc5 49. Rc3 c4 50. a4 a5 51. Kg4 Ke7 52. Kh5 Kd6 53. Kg6 Rc7 0-1

[Event "Alcorcon Spring op-A 1st"]
[Site "Alcorcon"]
[Date "2019.04.28"]
[Round "5"]
[White "Recuenco Andres, Javier"]
[Black "Nieto Perez, Juan V"]
[Result "1/2-1/2"]
[WhiteElo "1865"]
[BlackElo "1909"]
[PlyCount "137"]
[EventDate "2019.03.24"]
[EventType "swiss"]
[EventRounds "9"]
[EventCountry "ESP"]
[SourceTitle "EXT 2020"]
[Source "ChessBase"]
[SourceDate "2019.10.17"]
[SourceVersion "1"]
[SourceVersionDate "2019.10.17"]
[SourceQuality "1"]

1. e4 d6 2. d4 Nf6 3. Nc3 g6 4. Nf3 Bg7 5. Be2 0-0 6. h3 Nc6 7. Be3 e5 8. Qd2 exd4 9. Nxd4 Nxd4 10. Bxd4 Re8 11. f3 Be6 12. 0-0-0 Qe7 13. g4 Rad8 14. Be3 d5 15. e5 Nd7 16. Bg5 f6 17. exf6 Bxf6 18. Bxf6 Nxf6 19. Rhe1 c6 20. Bd3 Nd7 21. f4 Qg7 22. f5 Bf7 23. Qf4 g5 24. Qf2 b6 25. Kb1 Rxe1 26. Rxe1 Re8 27. Rxe8+ Bxe8 28. Qe3 Ne5 29. Ne2 c5 30. Ng1 Kf8 31. Be2 d4 32. Qg3 Bc6 33. h4 h6 34. hxg5 hxg5 35. c3 dxc3 36. Qxc3 Nd7 37. Qxg7+ Kxg7 38. Bf3 Bb5 39. Kc2 Ne5 40. Bd1 Kf6 41. Nh3 Bf1 42. Nf2 Bg2 43. Kc3 Ke7 44. b4 Kd6 45. bxc5+ Kxc5 46. Nd3+ Nxd3 47. Kxd3 Kd5 48. Ke3 Ke5 49. Bf3 Bf1 50. Be2 Bg2 51. Bc4 Bc6 52. a3 Bb7 53. Be2 Bc6 54. Bf3 Bd7 55. Be4 Bb5 56. Bd3 Bd7 57. Bc2 Bc6 58. Bb3 b5 59. Bd1 a5 60. Bb3 Bb7 61. Bc2 Bd5 62. Bd3 Bc6 63. Be2 b4 64. axb4 axb4 65. Bc4 Ba4 66. Kd2 Bc6 67. Ke3 Ba4 68. Kd2 Bc6 69. Ke3 1/2-1/2

[Event "Madrid San Viator op-A 30th"]
[Site "Madrid"]
[Date "2018.05.27"]
[Round "7"]
[White "Recuenco Andres, Javier"]
[Black "Casares Sanchez, Rodrigo"]
[Result "1/2-1/2"]
[WhiteElo "1869"]
[BlackElo "1702"]
[PlyCount "51"]
[EventDate "2018.04.08"]
[EventType "swiss"]
[EventRounds "9"]
[EventCountry "ESP"]
[SourceTitle "EXT 2019"]
[Source "ChessBase"]
[SourceDate "2018.10.10"]
[SourceVersion "1"]
[SourceVersionDate "2018.10.10"]
[SourceQuality "1"]

1. e4 e6 2. d4 d5 3. Nd2 c5 4. exd5 Qxd5 5. Ngf3 cxd4 6. Bc4 Qd7 7. Nb3 Nc6 8. 0-0 Nf6 9. Bf4 a6 10. a4 Be7 11. Ne5 Nxe5 12. Bxe5 b6 13. Qxd4 Qxd4 14. Bxd4 Bd8 15. f4 0-0 16. h3 Ne4 17. Bd3 Bb7 18. f5 exf5 19. Rxf5 Bc7 20. a5 b5 21. Nc5 Nxc5 22. Bxc5 Rfe8 23. Raf1 f6 24. b4 Rad8 25. g4 h6 26. R5f2 1/2-1/2

[Event "Madrid San Viator op-A 30th"]
[Site "Madrid"]
[Date "2018.04.22"]
[Round "3"]
[White "Ramos del Campo, Alexander"]
[Black "Recuenco Andres, Javier"]
[Result "1/2-1/2"]
[WhiteElo "2176"]
[BlackElo "1869"]
[PlyCount "131"]
[EventDate "2018.04.08"]
[EventType "swiss"]
[EventRounds "9"]
[EventCountry "ESP"]
[SourceTitle "EXT 2019"]
[Source "ChessBase"]
[SourceDate "2018.10.10"]
[SourceVersion "1"]
[SourceVersionDate "2018.10.10"]
[SourceQuality "1"]

1. e4 d6 2. d4 Nf6 3. Nc3 e5 4. Nf3 Nbd7 5. Bc4 Be7 6. 0-0 0-0 7. Re1 c6 8. a4 a5 9. h3 Qc7 10. Be3 Nxe4 11. Nxe4 d5 12. Bxd5 cxd5 13. Nc3 Nb6 14. dxe5 Be6 15. Bxb6 Qxb6 16. Nxd5 Bxd5 17. Qxd5 Bc5 18. Rf1 Rad8 19. Qb3 Qa7 20. Ne1 Rfe8 21. Nd3 Bd4 22. Rae1 Re6 23. c3 Rb6 24. Qa2 Bxc3 25. bxc3 Rxd3 26. Qc4 Rd8 27. Rd1 Rf8 28. Rd6 Rb2 29. Rd7 Qb6 30. Rxf7 Rxf7 31. e6 Rbxf2 32. exf7+ Rxf7+ 33. Kh1 Qc7 34. Qd5 g6 35. Rxf7 Qxf7 36. Qxa5 Qf1+ 37. Kh2 Qf4+ 38. Kg1 Qe3+ 39. Kf1 Qf4+ 40. Ke2 Qe4+ 41. Kd1 Qd3+ 42. Kc1 Qf1+ 43. Kb2 Qxg2+ 44. Kb3 Qc6 45. c4 Kg7 46. Qe5+ Kf7 47. Kb4 Qb6+ 48. Qb5 Qd6+ 49. Ka5 Qd8+ 50. Kb4 Qd2+ 51. Kc5 Qe3+ 52. Kd5 Qe6+ 53. Kd4 Qd6+ 54. Qd5+ Ke7 55. c5 Qxd5+ 56. Kxd5 g5 57. c6 b6 58. Ke5 h5 59. c7 Kd7 60. Kf5 g4 61. hxg4 hxg4 62. Kxg4 Kxc7 63. Kf3 Kd6 64. Ke3 Kc5 65. a5 bxa5 66. Kd2 1/2-1/2

[Event "Madrid-chT 1718"]
[Site "Madrid"]
[Date "2018.03.18"]
[Round "14.45"]
[White "Recuenco Andres, Javier"]
[Black "Suarez Triguero, Jose Alfonso"]
[Result "1/2-1/2"]
[WhiteElo "1875"]
[BlackElo "2058"]
[PlyCount "45"]
[EventDate "2017.11.19"]
[EventType "team-tourn"]
[EventRounds "14"]
[EventCountry "ESP"]
[SourceTitle "EXT 2019"]
[Source "ChessBase"]
[SourceDate "2018.10.10"]
[SourceVersion "1"]
[SourceVersionDate "2018.10.10"]
[SourceQuality "1"]
[WhiteTeam "Virgen de Atocha"]
[BlackTeam "Liberty Chess"]
[WhiteTeamCountry "ESP"]
[BlackTeamCountry "ESP"]

1. c4 Nf6 2. d4 d6 3. Nc3 e5 4. e3 c6 5. g3 Be7 6. Bg2 Bg4 7. Qb3 Qc8 8. h3 Bd7 9. Nf3 Qc7 10. Bd2 0-0 11. 0-0 h6 12. e4 Re8 13. Rfe1 Na6 14. Qd1 Bf8 15. b3 Rad8 16. d5 Qc8 17. Kh2 c5 18. a3 Be7 19. Nb5 Nc7 20. Nxa7 Qb8 21. Nb5 Bxb5 22. cxb5 Nxb5 23. Qe2 1/2-1/2

[Event "Madrid San Viator op-A 29th"]
[Site "Madrid"]
[Date "2017.11.12"]
[Round "9"]
[White "Gonzalez Ruano Perez, Cesar"]
[Black "Recuenco Andres, Javier"]
[Result "1/2-1/2"]
[WhiteElo "1848"]
[BlackElo "1904"]
[PlyCount "58"]
[EventDate "2017.09.17"]
[EventType "swiss"]
[EventRounds "9"]
[EventCountry "ESP"]
[SourceTitle "EXT 2019"]
[Source "ChessBase"]
[SourceDate "2018.10.10"]
[SourceVersion "1"]
[SourceVersionDate "2018.10.10"]
[SourceQuality "1"]

1. Nf3 g6 2. g3 b6 3. Bg2 Bb7 4. 0-0 Bg7 5. c4 c5 6. Nc3 Nf6 7. e3 0-0 8. b3 Ne4 9. Bb2 Nxc3 10. Bxc3 Bxc3 11. dxc3 d6 12. Qd3 Qc7 13. Rfd1 Nd7 14. Rd2 Nf6 15. Ne1 Bxg2 16. Nxg2 Qc6 17. Nf4 Qf3 18. Qe2 Qxe2 19. Nxe2 Rfd8 20. f3 Kf8 21. Rad1 Ne8 22. e4 e6 23. Nf4 Ke7 24. Kf2 Nc7 25. Ke3 b5 26. cxb5 Nxb5 27. c4 Nc7 28. Ne2 a5 29. Nc3 Rab8 1/2-1/2

[Event "Madrid San Viator op-A 29th"]
[Site "Madrid"]
[Date "2017.10.01"]
[Round "3"]
[White "Recuenco Andres, Javier"]
[Black "Lopez Nunez, Roberto"]
[Result "0-1"]
[WhiteElo "1904"]
[BlackElo "1766"]
[PlyCount "102"]
[EventDate "2017.09.17"]
[EventType "swiss"]
[EventRounds "9"]
[EventCountry "ESP"]
[SourceTitle "EXT 2019"]
[Source "ChessBase"]
[SourceDate "2018.10.10"]
[SourceVersion "1"]
[SourceVersionDate "2018.10.10"]
[SourceQuality "1"]

1. c4 Nf6 2. g3 c5 3. Bg2 d5 4. cxd5 Nxd5 5. Nc3 Nc7 6. Nf3 g6 7. 0-0 Bg7 8. d3 0-0 9. Be3 Ne6 10. Qc1 Nc6 11. Bh6 Rb8 12. Bxg7 Kxg7 13. Ng5 Ncd4 14. Qe3 f6 15. Nxe6+ Bxe6 16. Qe4 Bf5 17. Qd5 Qc7 18. a4 Rfd8 19. Qa2 Be6 20. Qb1 Nb3 21. Nb5 Qa5 22. Ra3 a6 23. Rxb3 Bxb3 24. Nc3 Qb4 25. Qc1 Qd4 26. a5 Rdc8 27. h4 Qe5 28. f4 Qd4+ 29. Kh2 c4 30. dxc4 Rxc4 31. e4 Rc5 32. f5 Rd8 33. Qf4 Qe5 34. Qg4 Kf7 35. Ne2 Rg8 36. Nf4 Rc2 37. fxg6+ hxg6 38. Nd3 Qh5 39. Qf4 Qe2 40. Ne1 Rxb2 41. Kg1 Be6 42. e5 f5 43. g4 Qc4 44. Qg5 Qd4+ 45. Kh1 Rh8 46. Nf3 Qc4 47. Bh3 Qe4 48. h5 fxg4 49. hxg6+ Kg8 50. Qxe7 Rxh3+ 51. Kg1 Qe3+ 0-1

[Event "Madrid San Viator op-A 28th"]
[Site "Madrid"]
[Date "2017.06.04"]
[Round "9"]
[White "Recuenco Andres, Javier"]
[Black "Rottenwohrer Suarez, Juan"]
[Result "0-1"]
[WhiteElo "1890"]
[BlackElo "2129"]
[PlyCount "90"]
[EventDate "2017.03.26"]
[EventType "swiss"]
[EventRounds "9"]
[EventCountry "ESP"]
[SourceTitle "EXT 2018"]
[Source "ChessBase"]
[SourceDate "2017.10.13"]
[SourceVersion "1"]
[SourceVersionDate "2017.10.13"]
[SourceQuality "1"]

1. e4 c5 2. d3 g6 3. f4 d5 4. Be2 Bg7 5. Nf3 Bg4 6. Nbd2 Nc6 7. h3 Bxf3 8. Nxf3 e6 9. 0-0 Nge7 10. c3 0-0 11. Qe1 Rb8 12. Qh4 b5 13. Ng5 h6 14. Nf3 f5 15. exd5 exd5 16. Bd2 d4 17. Rae1 Nd5 18. Qg3 Qd6 19. Nh4 g5 20. Nf3 Rbe8 21. Bd1 Ne3 22. Bxe3 dxe3 23. Bb3+ Kh8 24. Nxg5 hxg5 25. Qxg5 b4 26. Rf3 Qh6 27. Qxh6+ Bxh6 28. Ba4 Rf6 29. g3 bxc3 30. bxc3 Bg7 31. Rfxe3 Rxe3 32. Rxe3 Rd6 33. Re8+ Kh7 34. Bb5 Bxc3 35. Rc8 Nb4 36. Rc7+ Kg6 37. Rxa7 c4 38. Be8+ Kh6 39. Kg2 Nxd3 40. Rf7 Ne1+ 41. Kf1 Nf3 42. Rxf5 Rd2 43. Bh5 Nh2+ 44. Kg1 Bd4+ 45. Kh1 Nf1 0-1

[Event "Madrid San Viator op-A 28th"]
[Site "Madrid"]
[Date "2017.05.21"]
[Round "7"]
[White "Recuenco Andres, Javier"]
[Black "Luque Ibanez, Manuel"]
[Result "1-0"]
[WhiteElo "1890"]
[BlackElo "1994"]
[PlyCount "53"]
[EventDate "2017.03.26"]
[EventType "swiss"]
[EventRounds "9"]
[EventCountry "ESP"]
[SourceTitle "EXT 2018"]
[Source "ChessBase"]
[SourceDate "2017.10.13"]
[SourceVersion "1"]
[SourceVersionDate "2017.10.13"]
[SourceQuality "1"]

1. c4 g6 2. g3 Bg7 3. Bg2 Nf6 4. Nc3 d6 5. d4 0-0 6. Nf3 Nbd7 7. 0-0 c6 8. b3 Re8 9. Bb2 e5 10. dxe5 dxe5 11. e4 Qc7 12. Qc2 Nc5 13. b4 Ne6 14. Na4 Nd7 15. Rad1 a5 16. a3 axb4 17. axb4 b6 18. c5 bxc5 19. Nxc5 Ndxc5 20. bxc5 Ba6 21. Rfe1 Bb5 22. Rd6 Ra2 23. Qb1 Qa5 24. Bxe5 Nxc5 25. Bxg7 Kxg7 26. e5 Ne4 27. Qxe4 1-0

[Event "Madrid San Viator op-A 28th"]
[Site "Madrid"]
[Date "2017.04.23"]
[Round "4"]
[White "Enfedaque Jimenez, Juan Carlos"]
[Black "Recuenco Andres, Javier"]
[Result "0-1"]
[WhiteElo "1764"]
[BlackElo "1890"]
[PlyCount "86"]
[EventDate "2017.03.26"]
[EventType "swiss"]
[EventRounds "9"]
[EventCountry "ESP"]
[SourceTitle "EXT 2018"]
[Source "ChessBase"]
[SourceDate "2017.10.13"]
[SourceVersion "1"]
[SourceVersionDate "2017.10.13"]
[SourceQuality "1"]

1. e4 d5 2. exd5 Nf6 3. d4 Bg4 4. Nf3 Qxd5 5. Be2 Nc6 6. Nc3 Qh5 7. Be3 0-0-0 8. Qd2 e5 9. d5 e4 10. Nd4 Nxd4 11. Qxd4 Bxe2 12. Nxe2 c5 13. Qa4 Nxd5 14. Ng3 Qe5 15. Qxa7 Nxe3 16. fxe3 g6 17. 0-0 f5 18. Rfd1 Bd6 19. c4 Bb8 20. Qa4 h5 21. b4 h4 22. Nf1 Rd3 23. bxc5 Qxc5 24. Rab1 Rhd8 25. Rb5 Qxb5 26. cxb5 Rxd1 27. Qc2+ Bc7 28. b6 R1d7 29. Nd2 Kb8 30. bxc7+ Rxc7 31. Qb2 Rdc8 32. Qe5 Ka8 33. Qa5+ Kb8 34. Qe5 Ka8 35. Qa5+ Kb8 36. Nb3 Rc2 37. Nd4 Rc1+ 38. Kf2 R8c5 39. Qd8+ Ka7 40. Nb3 R5c2+ 41. Nd2 Rxa2 42. Qd4+ b6 43. Ke2 Rcc2 0-1

[Event "Madrid San Viator op-A 28th"]
[Site "Madrid"]
[Date "2017.04.09"]
[Round "3"]
[White "Recuenco Andres, Javier"]
[Black "Renteria Becerra, Jorge Elicer"]
[Result "0-1"]
[WhiteElo "1890"]
[BlackElo "2275"]
[PlyCount "92"]
[EventDate "2017.03.26"]
[EventType "swiss"]
[EventRounds "9"]
[EventCountry "ESP"]
[SourceTitle "EXT 2018"]
[Source "ChessBase"]
[SourceDate "2017.10.13"]
[SourceVersion "1"]
[SourceVersionDate "2017.10.13"]
[SourceQuality "1"]

1. d4 Nf6 2. c4 g6 3. g3 Bg7 4. Bg2 0-0 5. Nf3 c5 6. 0-0 cxd4 7. Nxd4 Nc6 8. Nc3 Qb6 9. Nc2 d6 10. e4 Bg4 11. Bf3 Bxf3 12. Qxf3 Ne5 13. Qe2 Rfc8 14. b3 Qc7 15. Bb2 a6 16. Ne3 e6 17. Rfd1 Qc6 18. Nc2 Ne8 19. Nd4 Qc7 20. Rac1 Qa5 21. f4 Qc5 22. Na4 Qa7 23. Kg2 Nd7 24. f5 exf5 25. Nxf5 gxf5 26. Bxg7 Kxg7 27. exf5 b5 28. Qg4+ Kh8 29. Nc3 Ndf6 30. Qg5 Qb7+ 31. Kh3 bxc4 32. Rxd6 Qe7 33. Rd2 cxb3 34. axb3 Qf8 35. Rd4 Qg7 36. Qe3 Rab8 37. b4 h6 38. Rcd1 Qg5 39. Qd3 Qh5+ 40. Kg2 Ng4 41. h3 Ne5 42. Qe3 f6 43. Ne4 Rc2+ 44. Nd2 Qxd1 45. Qxh6+ Kg8 46. h4 Qf3+ 0-1